Translate Scottish Gaelic to Irish (Gaeilge): Colours - Statistics

General Stats
  • This quiz has been taken 82 times
  • The average score is 10 of 11
Answer Stats
Gaelic Gaeilge % Correct
dearg dearg
98%
dubh dubh
97%
gorm gorm
97%
geal bán
93%
donn donn
93%
buidhe buí
90%
liath liath
88%
pinc / bàn-dhearg bándearg
85%
orains oráiste
80%
uaine glas
72%
purpie/ purpaidh corcra
70%
No matching quizzes found
Score Distribution
Percent of People with Each Score
Percentile by Number Answered
Your Score History
You have not taken this quiz